University libraries in developing countries : structure and function in regard to information transfer for science and technology : proceedings of the IFLA/Unesco Pre-Session Seminar for Librarians from Developing Countries, Munchen, August 16-19, 1983

Αποθηκεύτηκε σε:
Λεπτομέρειες βιβλιογραφικής εγγραφής
Συγγραφή απο Οργανισμό/Αρχή: IFLA/Unesco Pre-Session Seminar for Librarians from Developing Countries : Munich
Άλλοι συγγραφείς: Loveday, Anthony J. (Επιμελητής έκδοσης), Gattermann, Gunter (Επιμελητής έκδοσης)
Μορφή: Πρακτικό Συνεδρίου Βιβλίο
Γλώσσα:English
Δημοσίευση: Munchen : Saur, 1985
Σειρά:IFLA publications ; ; 33
Θέματα:
Ετικέτες: Προσθήκη ετικέτας
Δεν υπάρχουν, Καταχωρήστε ετικέτα πρώτοι!

MARC

LEADER 00000cam a2200000 i 4500
001 1/8129
008 961004s1985 eng d
020 |a 3-598-20397-7 
035 |l 10016982 
040 |a GR-MY-UA  |b gre  |e aacr 
041 0 |a eng 
082 0 |a 027.7091724 
111 2 |a IFLA/Unesco Pre-Session Seminar for Librarians from Developing Countries  |d (1983  |c : Munich) 
245 1 0 |a University libraries in developing countries :  |b structure and function in regard to information transfer for science and technology : proceedings of the IFLA/Unesco Pre-Session Seminar for Librarians from Developing Countries, Munchen, August 16-19, 1983 /  |c Edited by Anthony J. Loveday and Gunter Gattermann 
260 |a Munchen :   |b Saur,   |c 1985 
300 |a 183 p.;  |c 22 cm 
490 1 |a IFLA publications  |v ; 33 
504 |a Includes bibliographical references 
650 0 0 |a Academic libraries  |z Developing countries  |x Congresses. 
650 0 0 |a Scientific libraries  |z Developing countries  |x Congresses. 
650 0 0 |a Technical libraries  |z Developing countries  |x Congresses. 
650 0 0 |a Acquisitions (Libraries)  |z Developing countries  |x Congresses. 
650 0 0 |a Libraries  |z Developing countries  |x Automation  |x Congresses. 
700 1 |a Loveday, Anthony J.  |4 edt 
700 1 |a Gattermann, Gunter.  |4 edt 
830 0 |a IFLA publications ;  |v ; 33 
852 |a INST  |b LESVOS  |e 19961004  |h 027.7091724 UNI  |p 005100007698  |q 005100007698  |t BK  |y 0 
909 |a Λ  |b 023797